| 000 | 00522nam a22001697a 4500 | ||
|---|---|---|---|
| 003 | 0 | ||
| 005 | 20220816135530.0 | ||
| 008 | 220816b xxu||||| |||| 00| 0 eng d | ||
| 020 | _a978-0-8153-5226-6 | ||
| 050 |
_aPN2078 _b.P34 2019 |
||
| 245 |
_aPsychology for actors : theories and practices for the acting process _cKevin Page |
||
| 260 |
_aNew York _bRoutledge _c2019 |
||
| 300 |
_ax,208pp. _c23cm. _eIncludes references and index. _fBook |
||
| 500 | _aPsychological aspects. | ||
| 500 | _aPsychology. | ||
| 942 |
_2lcc _cBK |
||
| 999 |
_c364784 _d364784 |
||